000
00265pam a2200121 a 4500
020
_c
041
_a
eng
100
_a
Gtegory. J.S.
245
_a
Land Of The Soviets
_h
Textual Documents
260
_a
New York
_b
Penguin Books Ltd
300
_a
284p.
930
_a
15293
999
_c
92193
_d
92193